| 000 | 00696nam a22001937a 4500 | ||
|---|---|---|---|
| 999 |
_c185174 _d185174 |
||
| 005 | 20220131102117.0 | ||
| 010 | _aUR-11416 | ||
| 020 |
_c350.00 _a9789390789030 |
||
| 035 | _aU-9971 | ||
| 037 |
_bDBAD/PUB _adpl |
||
| 082 | _a840.8 | ||
| 100 | _aا سر ا ر ا لحق سبيلی | ||
| 245 |
_aا د ب ا طفا ل کے چند گو شے _cا سر ا ر ا لحق سبيلی |
||
| 246 |
_bAdab -e-Atfal Ke Chand Goshe (Urdu) _aby Asrarul Haque Sabeeli |
||
| 260 |
_aDelhi _bEducational Publishing House _c2021 ء |
||
| 270 |
_a3191,Vakil Street,Kucha Pandit,Lal Kuan, _bDelhi _e110006 _k23216162 _l- |
||
| 300 |
_a320 ص _c22 Cm(Hb) |
||
| 942 |
_2ddc _cUR _h840.8 _mا س ر |
||